000 00694nam a2200217Ia 4500
999 _c35976
_d35976
003 GCL
005 20240530103007.0
008 140319s9999 xx 000 0 ara d
040 _aGCL /
_cGCL
082 0 4 _a214.3
_bن ش
100 1 _aنجيب الارمنازى
245 1 0 _aالشرع الدولى فى الاسلام /
_cنجيب الارمنازى
260 _a[S.N] :
_bرياض الريس للكتب والنشر ،
_c1990
300 _a230 ص
650 0 4 _aالاسلام
650 0 4 _aالخلافة
650 0 4 _aالشريعة الاسلامية
650 0 4 _aالاسلام والقانون الدولى
650 0 4 _aالاسلام والسياسة
942 _2ddc
_cBK